[Event "Hunan Belt and Road Open 2019"]
[Site "Hunan"]
[Date "2019.08.03"]
[Round "6.9"]
[White "Lupulescu, Constantin"]
[Black "Zhao, Zong-Yuan"]
[Result "1-0"]
[WhiteElo "2649"]
[BlackElo "2529"]
[Annotator "TA"]
[PlyCount "112"]
[EventDate "2019.07.29"]
[EventType "swiss"]
[EventCountry "CHN"]
[SourceTitle "playchess.com"]
[Source "ChessBase"]
[SourceQuality "1"]

{[%evp 14,112,30,25,24,28,10,12,35,0,0,0,0,0,0,0,0,0,0,0,-9,-47,0,0,0,-20,-18,-18,-18,-16,0,1,66,67,77,75,74,68,85,77,93,92,111,82,87,54,65,70,68,36,66,66,76,73,72,70,69,69,70,54,47,8,35,31,37,31,31,31,31,35,28,18,18,26,42,42,36,36,63,61,114,114,134,129,114,107,722,479,622,654,704,1226,787,310,1383,1426,1419,1314,1056,1001,587]} 1. e4 c5 2. Nf3 e6 3. d4 cxd4 4. Nxd4 Nc6 5. Nc3 Qc7 6. Be3 a6 7. a3 b5 8. Nxc6 dxc6 {B48: Sicilian: Taimanov: 5 Nc3 Qc7 6 Be3 a6 without Be2} 9. Qg4 e5 (9... Nf6 10. Qg3 Qxg3 11. hxg3 e5 12. f3 Be6 13. a4 Rc8 14. axb5 axb5 15. g4 Nd7 16. g5 {1-0 (49) Grischuk,A (2772)-Harikrishna,P (2744) Huaian 2017}) 10. Qg3 h5 $146 {The position is equal.} ({Predecessor:} 10... Nf6 11. Be2 h5 12. f4 Be7 13. fxe5 Ng4 14. Bxg4 hxg4 15. O-O-O Be6 16. Ne2 {½-½ (65) Fluvia Poyatos,J (2474)-Farran Martos,F (2395) Mollet del Valles 2016}) 11. f4 h4 12. Qf2 exf4 13. Bb6 Qe5 14. O-O-O {[#] Black must now prevent Rd8+.} Be7 15. Bd4 Qg5 16. e5 Bf5 $1 17. Qf3 Rc8 {Threatens to win with ...Bg4.} (17... Rh6 $5 {[%cal Rf5g4]} 18. Be2 Kf8 $11) 18. Ne4 $36 {[%mdl 2048] White is more active.} Qg4 19. Nd6+ Bxd6 $1 20. exd6 {aiming for Qc3.} Qxf3 21. gxf3 f6 22. Rg1 Rh7 (22... g5 $11) 23. d7+ $14 Bxd7 24. Bd3 f5 25. Bxg7 Be6 26. Be5 Ne7 27. Bxf4 Kf7 28. Rde1 Rhh8 29. Bd6 {Hoping for Bxe7.} (29. Bg5 {looks sharper.} Rce8 30. Re5 Rhg8 31. f4 Ng6 32. Ree1) 29... Rhg8 30. Rxg8 Nxg8 31. Rg1 Nf6 32. Rg5 Rd8 33. Be5 Rg8 34. Rxg8 Nxg8 $16 {[%mdl 4096] Endgame KBB-KBN} 35. b3 Ne7 36. c4 Ng6 37. Bd4 Ke7 38. Kd2 Kd6 39. Kc3 bxc4 40. bxc4 {c5+ is the strong threat.} c5 $1 {[%cal Rc5d4]} 41. Bf6 Bd7 42. Bf1 Bc6 43. f4 Bf3 44. Bg5 Ke6 45. Kd2 Kd6 46. Ke3 Bd1 (46... Bc6 $14) 47. Bg2 Ba4 48. Bb7 a5 49. Bd8 Bc6 $2 {[%mdl 8192] [#]} (49... Bb3 $16) 50. Bxc6 $1 $18 Kxc6 51. Bxa5 {KB-KN} Kb7 52. h3 Kc6 53. Bd8 $2 (53. a4 Ne7 54. Bd8) 53... Kb7 $2 (53... Kd7 54. Bg5 Ke6) 54. a4 {[%cal Ba3a4,Ba4a5][%mdl 32] White is clearly winning.} Kc6 55. a5 Kb7 56. Kf3 Ka6 {Accuracy: White = 73%, Black = 55%.} 1-0

[Event "Hunan Belt and Road Open 2019"]
[Site "Hunan"]
[Date "2019.08.03"]
[Round "6.10"]
[White "Parligras, Mircea-Emilian"]
[Black "Tan, Zhongyi"]
[Result "1/2-1/2"]
[WhiteElo "2638"]
[BlackElo "2511"]
[Annotator "TA"]
[PlyCount "158"]
[EventDate "2019.07.29"]
[EventType "swiss"]
[EventCountry "CHN"]
[SourceTitle "playchess.com"]
[Source "ChessBase"]
[SourceQuality "1"]

{[%evp 12,158,17,13,21,26,23,21,11,20,0,-4,0,-16,4,0,25,7,12,10,0,0,2,-28,-5,-88,-88,-88,-91,-91,-88,-89,-83,-95,-100,-101,-102,-104,-104,-123,-62,-62,-62,-62,-62,-62,-62,-62,-62,-62,-52,-52,-52,-52,-52,-52,-52,-52,-52,-52,-52,-52,-52,-52,-45,-52,-52,-52,-52,-52,-52,-52,-52,-52,-52,-52,-52,-52,-52,-52,-52,-52,0,-52,-52,-52,-52,-52,-52,-52,-52,-52,-52,-52,-52,-52,-52,-52,-52,-52,-52,-52,0,-52,-52,-52,-52,-52,-52,-52,-59,-59,-50,-50,-50,-50,-50,-50,-50,-50,-29,-29,-29,-29,-29,-31,-31,-31,-31,-31,-31,-31,-31,-31,-31,-31,-31,-31,-6,-6,-6,-6,-6,-6,-6,-6,0,0,0]} 1. c4 Nf6 2. Nc3 e6 3. e4 d5 4. e5 d4 5. exf6 dxc3 6. bxc3 Qxf6 7. Nf3 Nc6 {A18: English Opening: Flohr-Mikenas System (1 c4 Nf6 2 Nc3 e6 3 e4)} 8. d4 e5 9. Be2 exd4 10. Bg5 Qg6 {[#] ...h6 is the strong threat.} 11. O-O dxc3 12. Re1 $146 {And now Bd3+ would win.} ({Predecessor:} 12. Bd3 Qd6 13. Re1+ Be7 14. c5 Qxc5 15. Bxe7 Nxe7 16. Re5 {1-0 (36) Dubov,D (2701)-Nakamura,H (2787) Moscow 2018}) 12... Qd6 13. Qc2 Be6 14. Rab1 {Hoping for Red1.} Be7 15. Qxc3 O-O 16. Red1 Qa3 17. Qc2 Rfd8 18. Bd3 {[#]} (18. Rxb7 $11 Rxd1+ 19. Bxd1) 18... Rxd3 $1 $17 {[%mdl 576] Remove Defender} 19. Rxd3 (19. Qxd3 Qxd3) 19... Bf5 $36 {[%mdl 2048] Black has strong initiative.} 20. Rbb3 Qa4 21. Bxe7 Nxe7 22. h3 Ng6 23. Qd2 {Strongly threatening Rd8+.} Bxd3 24. Qxd3 b6 ({Don't play} 24... Qxa2 25. Rxb7 Nf4 26. Qe4 $15) 25. Qd5 Re8 (25... c6 $17 26. Qe4 Rd8) 26. Qb5 $15 Qxb5 27. cxb5 Ne5 28. Nxe5 Rxe5 {[%mdl 4096] Endgame KR-KR} 29. Ra3 Rxb5 {aiming for ...a5.} 30. Rxa7 {[%cal Ra7a8]} g6 (30... h5 {keeps more tension.} 31. Rxc7 Rb1+ 32. Kh2 Rb2 33. Rb7 Rxf2 34. Rxb6 Rxa2 35. h4 Ra4) 31. Rxc7 Rb1+ $1 32. Kh2 Rb2 33. Rb7 Rxa2 34. Rxb6 Rxf2 35. h4 Kg7 36. Kg3 Ra2 37. Kf3 h6 38. g3 Ra3+ 39. Kf4 h5 40. Rc6 Kh6 41. Rb6 Ra1 42. Kf3 Rf1+ 43. Kg2 Rf5 44. Ra6 Kg7 45. Rb6 Re5 46. Kf3 Rf5+ 47. Kg2 $1 Rd5 48. Kf3 Kf8 49. Ra6 Ke7 50. Rb6 Rd6 51. Rb5 Ke6 52. Ke4 Rc6 53. Re5+ Kf6 {Threatens to win with ...Rc4+.} 54. Ra5 Rc4+ 55. Kf3 $1 Ke6 56. Ra6+ Kd5 (56... Ke5 $15) 57. Ra5+ (57. Rf6 $1 $11) 57... Rc5 58. Ra7 Ke6 59. Kf4 Rc4+ 60. Kf3 Rc6 61. Kf4 $1 f6 62. Ra5 Rc4+ 63. Kf3 Rd4 64. Ke3 Rd5 (64... Rg4 {is more complex.} 65. Ra6+ Kf7 66. Ra7+ Kg8 67. Kf3 Rd4) 65. Ra4 g5 66. hxg5 fxg5 67. Kf3 Kf5 68. g4+ hxg4+ 69. Kg3 Rd3+ 70. Kg2 Re3 71. Rb4 Re4 72. Rb8 Re2+ 73. Kg3 Re3+ 74. Kg2 g3 75. Rb4 {The position is equal.} Rc3 76. Ra4 Kg6 77. Rb4 Kh5 78. Ra4 g4 79. Ra8 Kg5 {Accuracy: White = 78%, Black = 61%.} 1/2-1/2

[Event "Hunan Belt and Road Open 2019"]
[Site "Hunan"]
[Date "2019.08.03"]
[Round "6.11"]
[White "Nguyen, Ngoc Truong Son"]
[Black "Li, Di"]
[Result "1-0"]
[WhiteElo "2636"]
[BlackElo "2523"]
[Annotator "TA"]
[PlyCount "74"]
[EventDate "2019.07.29"]
[EventType "swiss"]
[EventCountry "CHN"]
[SourceTitle "playchess.com"]
[Source "ChessBase"]
[SourceQuality "1"]

{[%evp 24,74,16,21,22,14,24,16,29,0,25,0,18,0,13,12,11,6,81,80,55,46,83,70,71,68,74,66,131,125,139,111,181,181,178,179,200,200,325,332,390,375,441,345,324,316,717,717,953,928,1418,1281,5465]} 1. e4 e5 2. Nf3 Nc6 3. Bb5 Nf6 4. O-O Nxe4 5. d4 Nd6 6. Bxc6 dxc6 7. dxe5 Nf5 8. Qxd8+ Kxd8 9. Nc3 Ke8 10. h3 Ne7 11. Nd4 Ng6 12. f4 Bc5 13. Be3 h5 {C67: Ruy Lopez: Berlin Defence: 4 0-0 Nxe4} (13... Ne7 14. Ne4 Bxd4 15. Bxd4 Bf5 16. Nf2 h5 17. g4 Bxc2 18. Rac1 Ba4 19. e6 hxg4 20. hxg4 fxe6 21. Bxg7 {1-0 (43) Aronian,L (2581)-Mainka,R (2411) Bad Wiessee 2002}) 14. Nce2 $146 {[%cal Bc3e2,Be2f4,Bf4d3][%mdl 32]} ({Predecessor:} 14. Ne4 Bxd4 15. Bxd4 Bf5 16. Rae1 Rd8 17. Bc3 Ne7 18. g4 hxg4 19. hxg4 Bxg4 20. Nf6+ gxf6 21. exf6 {½-½ (41) Nyysti,S (2363)-Sepp,O (2445) Tallinn 2008}) 14... h4 15. Rad1 Ne7 {The position is equal.} 16. f5 Rh5 17. e6 fxe6 18. Nf4 Bxd4 19. Bxd4 Rxf5 20. Bxg7 e5 {[#]} (20... Kf7 $11 {keeps the balance.} 21. Bc3 Nd5) 21. Nd3 $1 $36 {[%mdl 3072] White has strong compensation. Keeping Black busy.} e4 22. Ne5 Be6 23. Rfe1 Rg5 24. Bf6 Rf5 25. Bxe7 {Black must now prevent Ng6.} Kxe7 ({Better is} 25... Rxe5 $14 26. Bxh4 Rd5) 26. Rxe4 Rg8 {intending ...Bd5.} 27. Nd3 {Strongly threatening Rde1.} Kf6 (27... Rh8 $16) 28. Rxh4 $18 Bd5 29. Rd2 Bxa2 30. b3 Bb1 (30... Rd8 $142 31. Rd1 Kg7) 31. Rc4 Rg3 {and the idea ...Rd5 leaves Black hopeful.} 32. Rd1 Rfg5 33. Rxb1 Rxg2+ 34. Kh1 Rd2 $2 (34... Re2 35. Nf4 Rd2) 35. Nc5 {White is clearly winning.} b5 36. Ne4+ {[%mdl 64] [#] Double Attack} Ke5 37. Nxd2 Kd5 {Accuracy: White = 71%, Black = 18%.} 1-0

[Event "Hunan Belt and Road Open 2019"]
[Site "Hunan"]
[Date "2019.08.03"]
[Round "6.12"]
[White "Sethuraman, S.P."]
[Black "Bilguun, Sumiya"]
[Result "1/2-1/2"]
[WhiteElo "2630"]
[BlackElo "2482"]
[Annotator "TA"]
[PlyCount "92"]
[EventDate "2019.07.29"]
[EventType "swiss"]
[EventCountry "CHN"]
[SourceTitle "playchess.com"]
[Source "ChessBase"]
[SourceQuality "1"]

{[%evp 18,92,62,25,47,46,54,43,58,58,59,59,59,58,68,58,73,65,103,106,95,102,108,87,151,145,359,357,366,355,325,360,330,337,329,214,353,367,362,332,315,0,0,0,0,0,0,0,0,0,34,0,0,0,0,-77,0,0,0,-56,0,-37,-52,-46,-53,-84,-81,-88,-7,-7,0,0,0,-7,0,0,0]} 1. e4 c5 2. Nf3 e6 3. d4 cxd4 4. Nxd4 a6 5. Bd3 Bc5 6. Nb3 Ba7 7. Qe2 Nc6 8. Be3 Bxe3 9. Qxe3 Nge7 10. O-O e5 {B42: Sicilian: Kan Variation: 5 Bd3} (10... d6 11. c4 O-O 12. Nc3 e5 13. Rfd1 Be6 14. Nd5 Bxd5 15. cxd5 Nb4 16. Bb1 a5 17. a3 Na6 18. Bd3 {1-0 (63) Cori Quispe,K (2468)-Salinas Herrera,P (2463) Montevideo 2018}) 11. Rd1 O-O 12. Be2 d6 {White is slightly better.} 13. c4 Be6 14. Nc3 Qb8 $146 ({Predecessor:} 14... Ng6 15. g3 Rc8 16. Rd2 Na5 17. Nxa5 Qxa5 18. Rxd6 Bxc4 19. Bxc4 Rxc4 {½-½ (32) Aberbach Peltzman,A-Gaal,A Argentina 1995}) 15. Nd5 b5 16. c5 Rd8 17. Rd2 Ng6 18. Rad1 dxc5 19. Qxc5 Qb7 20. h4 {Black must now prevent h5.} Rdc8 {[#]} (20... Rac8 $142) 21. Qe3 $1 $16 Nxh4 $2 (21... Nf8 $16 22. Nb6 Bxb3 23. axb3 Nd4 24. Nxa8 (24. Nxc8 Qxc8 25. f4 Qc5 $16) 24... Rxa8) 22. Nc5 $18 Qa7 23. Nxe6 fxe6 24. Nb6 {[%mdl 64] Double Attack} Nd4 25. Nxc8 (25. Nxa8 Ng6 $18) 25... Rxc8 26. Bg4 Qe7 (26... Rf8 $142 27. Bxe6+ Kh8) 27. f4 Ng6 28. fxe5 Nxe5 29. Rxd4 $2 ({Resist} 29. Qxd4 $6 Nxg4 30. Qb6 Qc5+ 31. Qxc5 Rxc5 $16) ({White should try} 29. Qh3 $18 Nxg4 30. Qxg4) 29... Nxg4 $11 30. Qg3 h5 31. Qd6 Qf6 32. Rf1 Qh6 $1 33. Rd3 (33. Qxa6 Qe3+ 34. Kh1 Kh7 $19) 33... Kh7 34. Rh3 Rc1 $40 {[%mdl 128] Black has some attack.} 35. Qd3 Qf4 {( -> ...Qf2+)} 36. Qe2 {[#]} (36. Qf3 $11 Qg5 37. b4) 36... Qg5 (36... Kg6 $1 $17 37. b4 Rxf1+ 38. Qxf1 Qd2) 37. b4 Kg6 38. Qd3 (38. Re1 $11) 38... Qf4 (38... Rxf1+ $1 $15 39. Qxf1 Qd2) 39. Qf3 (39. e5+ $5 Kh6 40. Rxc1 Qxc1+ 41. Qf1 $11) 39... Rxf1+ 40. Qxf1 $15 {[%mdl 4096] Endgame KQR-KQN} Qd2 {Hoping for ...Qd4+.} 41. Rd3 Qxb4 {...Qc5+ is the strong threat.} 42. Qc1 Qxe4 (42... a5 $17 43. Rd2 Qxe4) 43. Qb1 $1 $11 {The position is equal.} Kh6 44. Qc1+ Kg6 45. Qb1 $1 Kh6 {Strongly threatening ...Qf4.} 46. Qc1+ Kg6 {Accuracy: White = 68%, Black = 42%.} 1/2-1/2

[Event "Hunan Belt and Road Open 2019"]
[Site "Hunan"]
[Date "2019.08.03"]
[Round "6.13"]
[White "Deac, Bogdan-Daniel"]
[Black "Yu, Ruiyuan"]
[Result "1/2-1/2"]
[WhiteElo "2621"]
[BlackElo "2464"]
[Annotator "ChessBase"]
[PlyCount "65"]
[EventDate "2019.07.29"]
[EventType "swiss"]
[EventCountry "CHN"]
[SourceTitle "playchess.com"]
[Source "ChessBase"]
[SourceQuality "1"]
[TimeControl "5400+30"]

1. d4 {[%emt 0:49:42]} d5 {[%emt 0:00:09]} 2. c4 {[%emt 0:00:04]} c6 {[%emt 0:00:06]} 3. Nf3 {[%emt 0:00:04]} Nf6 {[%emt 0:00:06]} 4. Nc3 {[%emt 0:00:00]} dxc4 {[%emt 0:04:33]} 5. a4 {[%emt 0:00:00]} e6 {[%emt 0:00:05]} 6. e3 {[%emt 0:00:00]} c5 {[%emt 0:00:11]} 7. Bxc4 {[%emt 0:00:00]} Nc6 {[%emt 0:00:22]} 8. O-O {[%emt 0:00:00]} cxd4 {[%emt 0:00:44]} 9. exd4 {[%emt 0:00:00]} Be7 {[%emt 0:00:08]} 10. Qe2 {[%emt 0:00:00]} O-O {[%emt 0:00:46]} 11. Rd1 {[%emt 0:00:00]} Nb4 {[%emt 0:00:34]} 12. Bg5 {[%emt 0:00:00]} Bd7 {[%emt 0:11:33]} 13. Ne5 {[%emt 0:00:00]} Bc6 {[%emt 0:02:21]} 14. a5 {[%emt 0:00:00]} Bd5 {[%emt 0:14:49]} 15. Bxf6 {[%emt 0:00:00]} Bxf6 {[%emt 0:15:44]} 16. Nxd5 {[%emt 0:00:00]} Nxd5 {[%emt 0:00:20]} 17. a6 {[%emt 0:00:00]} b6 {[%emt 0:02:32]} 18. Qf3 {[%emt 0:00:00]} Rc8 {[%emt 0:02:50]} 19. Bxd5 {[%emt 0:00:00]} Qxd5 {[%emt 0:03:59]} 20. Qxd5 {[%emt 0:00:00]} exd5 {[%emt 0:00:03]} 21. Rac1 {[%emt 0:00:00]} Bg5 {[%emt 0:01:36]} 22. Rb1 {[%emt 0:00:00]} Rc2 {[%emt 0:07:09]} 23. b4 {[%emt 0:00:00]} f6 {[%emt 0:00:54]} 24. Nd3 {[%emt 0:00:00]} b5 {[%emt 0:08:03]} 25. Re1 {[%emt 0:00:00]} Kf7 {[%emt 0:01:14]} 26. g3 {[%emt 0:00:00]} Bh6 {[%emt 0:04:41]} 27. f4 {[%emt 0:00:00]} g5 {[%emt 0:00:45]} 28. f5 {[%emt 0:00:00]} g4 {[%emt 0:00:01]} 29. Nc5 {[%emt 0:00:00]} Bd2 {[%emt 0:02:18]} 30. Re2 {[%emt 0:00:00]} Re8 {[%emt 0:00:11]} 31. Ne6 {[%emt 0:00:00]} Rec8 {[%emt 0:00:08]} 32. Nc5 {[%emt 0:00:00]} Re8 {[%emt 0:00:02]} 33. Ne6 {[%emt 0:00:00]} 1/2-1/2

[Event "Hunan Belt and Road Open 2019"]
[Site "Hunan"]
[Date "2019.08.03"]
[Round "6.14"]
[White "Narayanan.S.L"]
[Black "Khademalsharieh, Sarasadat"]
[Result "1/2-1/2"]
[WhiteElo "2616"]
[BlackElo "2481"]
[Annotator "TA"]
[PlyCount "117"]
[EventDate "2019.07.29"]
[EventType "swiss"]
[EventCountry "CHN"]
[SourceTitle "playchess.com"]
[Source "ChessBase"]
[SourceQuality "1"]

{[%evp 17,117,39,64,24,19,9,0,0,30,0,0,16,29,19,8,11,4,7,106,103,99,97,93,91,163,158,141,164,151,148,162,158,137,132,146,131,122,125,154,158,169,144,134,133,135,86,126,139,135,136,132,134,141,118,124,109,105,108,111,71,71,71,71,71,81,85,85,8,8,8,12,0,5,0,1,0,0,0,0,0,0,0,0,0,0,0,0,0,0,0,0,0,0,0,0,0,0,0,0,0,0,-8]} 1. e4 e5 2. Nf3 Nc6 3. Bb5 a6 4. Ba4 Nf6 5. O-O b5 6. Bb3 Bc5 7. a4 Rb8 8. c3 d6 9. d4 Bb6 10. a5 {C78: Ruy Lopez: Archangelsk and Möller Defences} Ba7 $1 11. Be3 (11. h3 O-O 12. Be3 Ra8 13. Nbd2 h6 14. Re1 Re8 15. Qb1 exd4 16. cxd4 Nb4 17. Ra3 c5 18. dxc5 dxc5 19. Bxf7+ Kxf7 {0-1 (33) Lagarde,M (2612)-Jones,G (2698) Reykjavik 2019}) 11... Bg4 12. Nbd2 O-O 13. h3 exd4 14. cxd4 Bh5 15. Qc2 $146 {[%mdl 2048] White has good play.} ({Predecessor:} 15. Qc1 Nb4 16. Rd1 Bxf3 17. gxf3 c5 18. dxc5 {½-½ (64) Anderson,B (2456)-Gavrilakis,N (2497) ICCF email 2010}) 15... Nb4 16. Qc3 c5 $1 17. dxc5 Bxc5 (17... dxc5 $11 18. Bg5 (18. Bxc5 Rc8 $15) (18. g4 Bg6 $11) 18... Nc6) 18. Bxc5 $16 dxc5 19. Qxc5 Nd3 {[#]} 20. Qe3 $1 {Black must now prevent Nd4.} Nxb2 (20... Rc8 $16) 21. e5 Nd5 22. Qd4 $1 {[%csl LRb2,LRd5]} Nc4 23. g4 Bg6 24. Nxc4 bxc4 25. Bxc4 {[%mdl 64] Double Attack} Nb4 26. Qxd8 Rfxd8 27. Rfd1 Rxd1+ 28. Rxd1 Nc6 29. Rd6 Nxa5 30. Bd5 Kf8 31. Nh4 Rb5 32. f4 Bc2 33. Nf5 Bxf5 34. gxf5 {[%mdl 4096] Endgame KRB-KRN} Ke7 35. Bf3 Nb3 36. Bc6 {White threatens Rd7+ and mate.} Rb6 37. Ba4 Rb7 38. Rxa6 {And now Ra8 would win.} Nc5 39. f6+ gxf6 40. exf6+ Kd8 41. Rd6+ Kc8 {[#]} 42. Bc2 (42. Be8 $1 $16) 42... Kc7 $11 {The position is equal.} 43. Rd4 h6 $1 44. Rd5 Nd7 45. Rh5 Rb4 46. f5 Nc5 47. Kf1 Rb2 48. Bd1 Ne4 49. Rh4 Ng3+ 50. Ke1 Nxf5 51. Rh5 Ne3 {Strongly threatening ...Rb1.} 52. Bf3 Kd6 53. Rxh6 Ke5 54. Bh5 Ng2+ 55. Kf1 Ne3+ 56. Kg1 Rb7 57. Bf3 Rb1+ 58. Kf2 Nf5 59. Rh8 {Accuracy: White = 65%, Black = 71%.} 1/2-1/2

[Event "Hunan Belt and Road Open 2019"]
[Site "Hunan"]
[Date "2019.08.03"]
[Round "6.15"]
[White "Batchuluun, Tsegmed"]
[Black "Xu, Xiangyu"]
[Result "1/2-1/2"]
[WhiteElo "2535"]
[BlackElo "2585"]
[Annotator "ChessBase"]
[PlyCount "71"]
[EventDate "2019.07.29"]
[EventType "swiss"]
[EventCountry "CHN"]
[SourceTitle "playchess.com"]
[Source "ChessBase"]
[SourceQuality "1"]
[TimeControl "5400+30"]

1. d4 {[%emt 0:00:00]} Nf6 {[%emt 0:00:00]} 2. c4 {[%emt 0:00:00]} g6 {[%emt 0:00:00]} 3. Nc3 {[%emt 0:00:00]} d5 {[%emt 0:00:00]} 4. Bf4 {[%emt 0:00:38]} Bg7 {[%emt 0:00:00]} 5. e3 {[%emt 0:00:10]} O-O {[%emt 0:00:00]} 6. cxd5 {[%emt 0:00:53]} Nxd5 {[%emt 0:00:00]} 7. Nxd5 {[%emt 0:00:06]} Qxd5 {[%emt 0:00:01]} 8. Bxc7 {[%emt 0:00:08]} Na6 {[%emt 0:00:04]} 9. Bxa6 {[%emt 0:00:23]} Qxg2 {[%emt 0:00:06]} 10. Qf3 {[%emt 0:00:35]} Qxf3 {[%emt 0:00:06]} 11. Nxf3 {[%emt 0:00:06]} bxa6 {[%emt 0:00:03]} 12. Rc1 {[%emt 0:00:15]} a5 {[%emt 0:00:03]} 13. Ne5 {[%emt 0:04:54]} a4 {[%emt 0:00:07]} 14. Nc6 {[%emt 0:04:45]} Re8 {[%emt 0:01:18]} 15. Rc5 {[%emt 0:05:12]} Bf8 {[%emt 0:05:19]} 16. Kd2 {[%emt 0:06:17]} e6 {[%emt 0:07:30]} 17. Rc3 {[%emt 0:03:09]} f6 {[%emt 0:01:20]} 18. Rhc1 {[%emt 0:00:24]} Bd7 {[%emt 0:00:58]} 19. a3 {[%emt 0:00:31]} Kf7 {[%emt 0:04:17]} 20. Na5 {[%emt 0:11:12]} Rec8 {[%emt 0:00:28]} 21. Nb7 {[%emt 0:00:43]} Ke8 {[%emt 0:12:54]} 22. Bd6 {[%emt 0:04:59]} Rxc3 {[%emt 0:00:33]} 23. Rxc3 {[%emt 0:02:03]} Bc8 {[%emt 0:00:11]} 24. Bxf8 {[%emt 0:01:14]} Bxb7 {[%emt 0:00:06]} 25. Rc7 {[%emt 0:00:15]} Bd5 {[%emt 0:00:06]} 26. Bd6 {[%emt 0:03:41]} Rb8 {[%emt 0:00:41]} 27. Bb4 {[%emt 0:18:49]} Rb7 {[%emt 0:00:39]} 28. Rc5 {[%emt 0:00:53]} Kf7 {[%emt 0:13:50]} 29. Kc3 {[%emt 0:00:54]} g5 {[%emt 0:05:55]} 30. Ra5 {[%emt 0:00:07]} Bb3 {[%emt 0:00:16]} 31. e4 {[%emt 0:04:34]} Rc7+ {[%emt 0:10:31]} 32. Kd3 {[%emt 0:08:26]} a6 {[%emt 0:05:56]} 33. Ke3 {[%emt 0:02:18]} Bc4 {[%emt 0:00:30]} 34. Rc5 {[%emt 0:13:48]} Rxc5 {[%emt 0:00:07]} 35. dxc5 {[%emt 0:00:03]} Bb5 {[%emt 0:00:11]} 36. f4 {[%emt 0:00:09]} 1/2-1/2

[Event "Hunan Belt and Road Open 2019"]
[Site "Hunan"]
[Date "2019.08.03"]
[Round "6.16"]
[White "Naiditsch, Arkadij"]
[Black "Wang, Chen"]
[Result "1-0"]
[WhiteElo "2681"]
[BlackElo "2476"]
[Annotator "TA"]
[PlyCount "67"]
[EventDate "2019.07.29"]
[EventType "swiss"]
[EventCountry "CHN"]
[SourceTitle "playchess.com"]
[Source "ChessBase"]
[SourceQuality "1"]

{[%evp 12,67,32,44,77,55,74,66,106,113,108,111,104,66,89,91,77,78,78,78,97,71,158,157,174,205,192,152,147,174,201,196,276,282,283,293,292,298,326,310,437,446,425,399,400,371,735,733,809,807,784,760,869,844,878,825,29992,29993]} 1. e4 Nf6 2. e5 Nd5 3. d4 d6 4. Nf3 g6 5. Bc4 Nb6 6. Bb3 Bg7 7. Qe2 d5 {B04: Alekhine's Defence: 4 Nf3} 8. Bf4 c6 $146 ({Predecessor:} 8... Bf5 9. Nbd2 Nc6 10. a4 a5 11. c3 h6 12. O-O g5 13. Be3 e6 14. Ne1 Ne7 15. g4 {0-1 (98) Morovic Fernandez,I (2537)-Fernandez,L (2402) Medellin 2017}) 9. Nbd2 h6 {White is slightly better.} 10. c3 a5 11. a4 Na6 12. h4 Nc7 13. h5 g5 14. Bg3 Bf5 15. Nf1 Qd7 16. Ne3 Be6 (16... Be4 $142) 17. Nd2 $16 O-O 18. f4 f5 19. Bc2 {Black must now prevent fxg5.} g4 20. Nb3 {Threatens to win with Nc5.} Nc4 21. Nc5 Nxe3 (21... Qc8 {might work better.} 22. Nxe6 Qxe6) 22. Nxd7 $18 Nxc2+ 23. Qxc2 Bxd7 24. Bh4 Kf7 25. O-O b6 (25... e6 {is a better defense.} 26. Rfe1 b6) 26. e6+ Bxe6 27. Rfe1 {[#] aiming for Rxe6!} Rae8 28. Qb3 Na8 $2 (28... Rb8 29. Qa3 Bf6 30. Bxf6 Kxf6) 29. Qa3 Bf6 30. Bxf6 Kxf6 31. b4 axb4 32. cxb4 Rd8 33. b5 {Intending Rxe6+ and mate.} cxb5 {[#]} 34. Rxe6+ $1 {[%mdl 576] Clearance. Accuracy: White = 81%, Black = 26%.} 1-0

[Event "Hunan Belt and Road Open 2019"]
[Site "Hunan"]
[Date "2019.08.03"]
[Round "6.17"]
[White "Lu, Shanglei"]
[Black "Xu, Zhihang"]
[Result "1/2-1/2"]
[WhiteElo "2619"]
[BlackElo "2501"]
[Annotator "TA"]
[PlyCount "39"]
[EventDate "2019.07.29"]
[EventType "swiss"]
[EventCountry "CHN"]
[SourceTitle "playchess.com"]
[Source "ChessBase"]
[SourceQuality "1"]

{[%evp 29,39,46,44,24,24,0,0,0,0,0,0,0]} 1. e4 c5 2. Nf3 Nc6 3. d4 cxd4 4. Nxd4 g6 5. c4 Nf6 6. Nc3 d6 7. Be2 Nxd4 8. Qxd4 Bg7 9. Be3 O-O 10. Qd2 Be6 11. Rc1 Qa5 12. f3 Rfc8 13. b3 a6 14. Na4 Qxd2+ 15. Kxd2 Nd7 16. Nc3 {B36: Sicilian: Maroczy Bind: Gurgenidze System} (16. g4 f5 17. gxf5 gxf5 18. Rhg1 Kh8 19. Bd3 f4 20. Bf2 Bf6 21. Nb6 Nxb6 22. Bxb6 Rg8 23. a4 Rxg1 24. Rxg1 a5 {½-½ (75) Malakhov,V (2686)-Guseinov,G (2646) Riadh 2017}) 16... Nc5 17. g4 $146 ({Predecessor:} 17. Nd5 Bxd5 18. cxd5 b5 19. Rc2 b4 20. Rhc1 Bc3+ 21. Kd1 Rc7 22. Bc4 a5 23. Bb5 a4 24. bxa4 Nxa4 25. Rb1 Ra5 26. Bc6 Nc5 27. Bh6 Rc8 28. Ke2 f5 29. exf5 gxf5 30. Bc1 {½-½ (30) Thomsen,K (2466)-Mary,P (2411) ICCF email 2008}) 17... b5 {The position is equal.} 18. Nd5 Bxd5 $1 19. cxd5 b4 20. Bc4 1/2-1/2